[Event "ROM-ch U18"]
[Site "Calimanesti"]
[Date "2018.04.03"]
[Round "9"]
[White "Ciorica, Mihai Vlad"]
[Black "Herea, Sergiu Gabriel"]
[Result "1/2-1/2"]
[WhiteElo "2107"]
[BlackElo "2061"]
[PlyCount "44"]
[EventDate "2018.03.27"]
[EventType "swiss"]
[EventRounds "9"]
[EventCountry "ROU"]
[SourceTitle "CBM 183 Extra"]
[Source "ChessBase"]
[SourceDate "2018.04.19"]
[SourceVersion "1"]
[SourceVersionDate "2018.04.19"]
[SourceQuality "1"]

1. e4 e6 2. d4 d5 3. Nd2 Nf6 4. e5 Nfd7 5. Bd3 c5 6. c3 Nc6 7. Ne2 cxd4 8. cxd4 f6 9. exf6 Nxf6 10. Nf3 Bd6 11. 0-0 0-0 12. Bg5 e5 13. dxe5 Nxe5 14. Nxe5 Bxe5 15. Qd2 Qb6 16. Nc3 Be6 17. Rae1 Bb8 18. Bb1 Qd6 19. Bf4 Qxf4 20. Qxf4 Bxf4 21. Rxe6 Rae8 22. Rxe8 Rxe8 1/2-1/2

[Event "ROM-ch U18"]
[Site "Calimanesti"]
[Date "2018.03.29"]
[Round "3"]
[White "Zubcu, Vlad George"]
[Black "Herea, Sergiu Gabriel"]
[Result "1-0"]
[WhiteElo "2156"]
[BlackElo "2061"]
[PlyCount "115"]
[EventDate "2018.03.27"]
[EventType "swiss"]
[EventRounds "9"]
[EventCountry "ROU"]
[SourceTitle "CBM 183 Extra"]
[Source "ChessBase"]
[SourceDate "2018.04.19"]
[SourceVersion "1"]
[SourceVersionDate "2018.04.19"]
[SourceQuality "1"]

1. d4 Nf6 2. Bf4 d6 3. Nc3 g6 4. e4 Bg7 5. Qd2 0-0 6. Bh6 c5 7. Bxg7 Kxg7 8. d5 a6 9. a4 Qa5 10. Ra3 e6 11. Nf3 exd5 12. Nxd5 Qxd2+ 13. Nxd2 Nbd7 14. Bc4 Ne5 15. Nxf6 Kxf6 16. 0-0 Be6 17. Bd5 Rab8 18. f4 Nc6 19. Nc4 Ke7 20. Re3 f6 21. Bxe6 Kxe6 22. Rd1 Rfd8 23. Red3 Nd4 24. R3d2 b5 25. axb5 axb5 26. Ne3 Rd7 27. c3 Nb3 28. f5+ gxf5 29. exf5+ Ke7 30. Nd5+ Kf7 31. Re2 c4 32. Re6 Nc5 33. Nxf6 Ra7 34. Rexd6 Nd3 35. Nd7 Rba8 36. R1xd3 cxd3 37. Ne5+ Kf8 38. Nxd3 Re8 39. Kf2 Rae7 40. Nf4 Re5 41. g4 Re4 42. Kg3 b4 43. Rd7 bxc3 44. bxc3 R4e7 45. Ne6+ Kg8 46. Rxe7 Rxe7 47. c4 Ra7 48. c5 Ra6 49. Kf4 Kf7 50. c6 Kf6 51. g5+ Ke7 52. c7 Rc6 53. Ke5 Rc1 54. h4 Re1+ 55. Kd5 Rd1+ 56. Kc6 Rc1+ 57. Nc5 Rxc5+ 58. Kxc5 1-0

[Event "ROM-ch U18"]
[Site "Baile Felix"]
[Date "2017.02.06"]
[Round "6"]
[White "Sandor, Tamas1111"]
[Black "Herea, Sergiu Gabriel"]
[Result "0-1"]
[WhiteElo "2058"]
[BlackElo "2102"]
[PlyCount "62"]
[EventDate "2017.02.02"]
[EventType "swiss"]
[EventRounds "9"]
[EventCountry "ROU"]
[SourceTitle "CBM 176 Extra"]
[Source "ChessBase"]
[SourceDate "2017.03.02"]
[SourceVersion "1"]
[SourceVersionDate "2017.03.02"]
[SourceQuality "1"]

1. e4 e6 2. d4 d5 3. Nd2 c5 4. exd5 exd5 5. Ngf3 Nc6 6. Bb5 Qe7+ 7. Be2 Be6 8. 0-0 Qc7 9. Re1 0-0-0 10. a3 Nf6 11. dxc5 Bxc5 12. b4 Bxf2+ 13. Kh1 Ng4 14. Nb3 Bd4 15. Rf1 Bxa1 16. Nxa1 Qb6 17. Qe1 Ne3 18. Rg1 d4 19. Bxe3 dxe3 20. c4 Nd4 21. c5 Qc7 22. Nxd4 Rxd4 23. Nc2 Rf4 24. Bf3 Re8 25. Qxe3 Bd7 26. Qc3 Qe5 27. Qb3 Bc6 28. Bxc6 bxc6 29. Qd3 Qe2 30. Qg3 Rf1 31. Qh3+ f5 0-1

[Event "ROM-ch U18"]
[Site "Baile Felix"]
[Date "2017.02.04"]
[Round "3"]
[White "Olinici, Emanuel"]
[Black "Herea, Sergiu Gabriel"]
[Result "1-0"]
[WhiteElo "2029"]
[BlackElo "2102"]
[PlyCount "139"]
[EventDate "2017.02.02"]
[EventType "swiss"]
[EventRounds "9"]
[EventCountry "ROU"]
[SourceTitle "CBM 176 Extra"]
[Source "ChessBase"]
[SourceDate "2017.03.02"]
[SourceVersion "1"]
[SourceVersionDate "2017.03.02"]
[SourceQuality "1"]

1. d4 Nf6 2. Nf3 c5 3. c4 g6 4. g3 Bg7 5. Bg2 Nc6 6. d5 Nb8 7. Nc3 d6 8. 0-0 0-0 9. e4 Bg4 10. Qc2 Bxf3 11. Bxf3 Nfd7 12. Bg2 Na6 13. f4 Nc7 14. Bd2 Rb8 15. Rae1 b5 16. b3 bxc4 17. bxc4 Nb6 18. Nd1 Qc8 19. e5 Qa6 20. Re4 Ne8 21. Ne3 Rb7 22. Re1 Na4 23. Nd1 Nc7 24. Kh1 Nb6 25. h4 f5 26. exf6 exf6 27. f5 gxf5 28. Rf4 Bh6 29. Rxf5 Bxd2 30. Qxd2 Ne8 31. Rf4 Rg7 32. Qf2 Nd7 33. Ne3 Ne5 34. Nf5 Rc7 35. g4 Nd3 36. Qe3 Nxf4 37. Qxf4 Ng7 38. Nh6+ Kh8 39. g5 f5 40. Bh3 Nh5 41. Qf3 Ng7 42. Qc3 Qb7 43. Nxf5 Qb4 44. Qxb4 cxb4 45. Nxd6 a5 46. Rc1 Rf3 47. Bg2 Rc3 48. Rf1 Kg8 49. Nb5 R7xc4 50. Nxc3 Rxc3 51. Rd1 Kf8 52. d6 Ke8 53. Rd5 a4 54. Rb5 b3 55. axb3 Rxb3 56. Bc6+ Kf8 57. Ra5 Rd3 58. Ra8+ Kf7 59. Ra7+ Kf8 60. Ra8+ Kf7 61. d7 Ne6 62. Rxa4 Ke7 63. Re4 Kd6 64. Bb5 Rd2 65. h5 Nd8 66. g6 hxg6 67. hxg6 Rd1+ 68. Kg2 Rd5 69. Rg4 Ne6 70. g7 1-0

[Event "ROM-ch U18"]
[Site "Baile Felix"]
[Date "2017.02.02"]
[Round "1"]
[White "Raducu, Vlad Rares"]
[Black "Herea, Sergiu Gabriel"]
[Result "0-1"]
[WhiteElo "1118"]
[BlackElo "2102"]
[PlyCount "56"]
[EventDate "2017.02.02"]
[EventType "swiss"]
[EventRounds "9"]
[EventCountry "ROU"]
[SourceTitle "CBM 176 Extra"]
[Source "ChessBase"]
[SourceDate "2017.03.02"]
[SourceVersion "1"]
[SourceVersionDate "2017.03.02"]
[SourceQuality "1"]

1. d4 Nf6 2. Nf3 c5 3. d5 e6 4. c4 b5 5. cxb5 Nxd5 6. e4 Nf6 7. Nc3 Bb7 8. Bg5 Be7 9. Qc2 0-0 10. Rd1 d5 11. exd5 Nxd5 12. Nxd5 exd5 13. h4 Re8 14. Be2 h6 15. Bxe7 Qxe7 16. Rd2 Nd7 17. 0-0 Rac8 18. Re1 Qf6 19. Qa4 d4 20. Qxa7 Bxf3 21. Qxd7 Qxh4 22. Qh3 Qxh3 23. gxh3 d3 24. Bxf3 Rxe1+ 25. Kg2 c4 26. Bc6 Re2 27. Rd1 Rxb2 28. Rc1 d2 0-1

[Event "Eforie Nord Seacoast op 26th"]
[Site "Eforie Nord"]
[Date "2016.07.06"]
[Round "10"]
[White "Herea, Sergiu Gabriel"]
[Black "Costachi, Mihnea"]
[Result "1/2-1/2"]
[WhiteElo "2086"]
[BlackElo "2397"]
[PlyCount "89"]
[EventDate "2016.06.27"]
[EventType "swiss"]
[EventRounds "10"]
[EventCountry "ROU"]
[SourceTitle "EXT 2017"]
[Source "ChessBase"]
[SourceDate "2016.10.25"]
[SourceVersion "1"]
[SourceVersionDate "2016.10.25"]
[SourceQuality "1"]

1. Nf3 Nf6 2. d3 d5 3. g3 Nc6 4. Bg2 Bf5 5. Nbd2 Qd7 6. c4 Bh3 7. 0-0 h5 8. cxd5 Nxd5 9. Ne4 Bxg2 10. Kxg2 e5 11. a3 h4 12. b4 0-0-0 13. Bg5 f6 14. Bd2 hxg3 15. fxg3 f5 16. Nf2 e4 17. dxe4 fxe4 18. Nxe4 Qh3+ 19. Kg1 Ne5 20. Rf2 Ng4 21. Qc2 Nxf2 22. Nxf2 Qd7 23. e4 Nf6 24. Rc1 c6 25. Bf4 Rh5 26. Qa4 Bd6 27. e5 Nd5 28. exd6 Nxf4 29. gxf4 Qxd6 30. b5 Rc5 31. Rxc5 Qxc5 32. bxc6 Qxc6 33. Qb3 Qc1+ 34. Kg2 Qxf4 35. Qc3+ Qc7 36. Qe3 Rd6 37. Ne5 Qa5 38. Qc1+ Qc7 39. Qf4 Qe7 40. Nfd3 Rf6 41. Qc4+ Kb8 42. Qg8+ Kc7 43. Qc4+ Kb8 44. Qg8+ Kc7 45. Qc4+ 1/2-1/2

[Event "ROM-ch U16"]
[Site "Calimanesti Caciulata"]
[Date "2016.04.25"]
[Round "9"]
[White "Banzea, Alexandru Bogdan"]
[Black "Herea, Sergiu Gabriel"]
[Result "1-0"]
[WhiteElo "2258"]
[BlackElo "2074"]
[PlyCount "53"]
[EventDate "2016.04.18"]
[EventType "swiss"]
[EventRounds "9"]
[EventCountry "ROU"]
[SourceTitle "EXT 2017"]
[Source "ChessBase"]
[SourceDate "2016.10.25"]
[SourceVersion "1"]
[SourceVersionDate "2016.10.25"]
[SourceQuality "1"]

1. e4 e6 2. d4 d5 3. Nd2 Nf6 4. e5 Nfd7 5. Bd3 c5 6. c3 Nc6 7. Ne2 Qb6 8. Nf3 Be7 9. a3 0-0 10. Nf4 Re8 11. h4 Nf8 12. Rh3 f6 13. Rg3 f5 14. Bc2 cxd4 15. cxd4 Bd7 16. b4 a5 17. b5 Qxb5 18. Rb1 Qa6 19. Qd2 Bd8 20. Nh5 Re7 21. Qh6 Ng6 22. Nf6+ gxf6 23. exf6 Be8 24. fxe7 Bxe7 25. h5 Qc4 26. hxg6 hxg6 27. Rh3 1-0

[Event "ROM-ch U16"]
[Site "Calimanesti Caciulata"]
[Date "2016.04.22"]
[Round "6"]
[White "Herea, Sergiu Gabriel"]
[Black "Ciorica, Mihai Vlad"]
[Result "1-0"]
[WhiteElo "2074"]
[BlackElo "2009"]
[PlyCount "129"]
[EventDate "2016.04.18"]
[EventType "swiss"]
[EventRounds "9"]
[EventCountry "ROU"]
[SourceTitle "CBM 172 Extra"]
[Source "ChessBase"]
[SourceDate "2016.06.21"]
[SourceVersion "1"]
[SourceVersionDate "2016.06.21"]
[SourceQuality "1"]

1. d4 d5 2. Nf3 e6 3. g3 c6 4. Bg2 f5 5. Bf4 Nf6 6. c3 Be7 7. Be5 0-0 8. Bxf6 Bxf6 9. Nbd2 Nd7 10. Qc2 Qe7 11. 0-0 e5 12. dxe5 Nxe5 13. Nd4 g6 14. Rad1 Bd7 15. e3 Be8 16. c4 Nxc4 17. Nxc4 dxc4 18. Qxc4+ Bf7 19. Qa4 Rfd8 20. b3 a6 21. Qa5 Rd7 22. Rd2 c5 23. Nf3 Qd8 24. Qxd8+ Raxd8 25. Rxd7 Rxd7 26. Rc1 Rc7 27. Nd2 b5 28. Bf1 Bb2 29. Rc2 Ba3 30. Be2 Bd5 31. Bf3 Bxf3 32. Nxf3 c4 33. bxc4 bxc4 34. Kf1 c3 35. Ke2 Bb2 36. Ne5 Rc5 37. Nd3 Ra5 38. Nxb2 Rxa2 39. Rxc3 Rxb2+ 40. Kf3 Ra2 41. Rc7 a5 42. Ra7 a4 43. h3 a3 44. g4 fxg4+ 45. hxg4 h6 46. e4 g5 47. e5 Ra1 48. Ke4 Rg1 49. Kf5 Rf1 50. Rxa3 Rxf2+ 51. Kg6 Kf8 52. Kxh6 Re2 53. Ra5 Ke7 54. Kxg5 Ke6 55. Kg6 Rg2 56. g5 Rg1 57. Ra6+ Kxe5 58. Kh6 Rh1+ 59. Kg7 Rg1 60. g6 Rg2 61. Kf7 Rf2+ 62. Kg8 Rg2 63. g7 Rg1 64. Kh7 Rh1+ 65. Rh6 1-0

[Event "ROM-ch U16"]
[Site "Calimanesti Caciulata"]
[Date "2016.04.19"]
[Round "2"]
[White "Herea, Sergiu Gabriel"]
[Black "Ionita, Angel"]
[Result "1-0"]
[WhiteElo "2074"]
[BlackElo "1594"]
[PlyCount "93"]
[EventDate "2016.04.18"]
[EventType "swiss"]
[EventRounds "9"]
[EventCountry "ROU"]
[SourceTitle "CBM 172 Extra"]
[Source "ChessBase"]
[SourceDate "2016.06.21"]
[SourceVersion "1"]
[SourceVersionDate "2016.06.21"]
[SourceQuality "1"]

1. d4 d5 2. Nf3 Nf6 3. Bf4 e6 4. e3 Be7 5. Bd3 0-0 6. Nbd2 Nbd7 7. c3 b6 8. h3 Bb7 9. Qc2 h6 10. g4 c5 11. g5 hxg5 12. Nxg5 c4 13. Be2 b5 14. h4 Ne4 15. f3 Nef6 16. h5 a5 17. h6 g6 18. Nxe6 Qb6 19. Ng5 Nh7 20. Nxh7 Kxh7 21. Kf2 b4 22. Rag1 a4 23. e4 b3 24. axb3 cxb3 25. Qb1 a3 26. exd5 Bxd5 27. Be3 Qb7 28. bxa3 Rxa3 29. c4 Be6 30. Bd3 Rg8 31. d5 Bxd5 32. cxd5 Ne5 33. Be2 Qxd5 34. Qe4 Qxe4 35. fxe4 Rd8 36. Nc4 Nxc4 37. Bxc4 Rf8 38. Rd1 b2 39. Bd3 Rc8 40. Bb1 Rcc3 41. Bd4 Rf3+ 42. Ke2 Bb4 43. Rhf1 Rxf1 44. Rxf1 Rb3 45. Be3 Rc3 46. Rxf7+ Kg8 47. h7+ 1-0

[Event "ROM-ch U16"]
[Site "Calimanesti"]
[Date "2015.04.06"]
[Round "9"]
[White "Tiron, Calin Andrei"]
[Black "Herea, Sergiu Gabriel"]
[Result "1/2-1/2"]
[WhiteElo "1940"]
[BlackElo "1916"]
[PlyCount "114"]
[EventDate "2015.03.30"]
[EventType "swiss"]
[EventRounds "9"]
[EventCountry "ROU"]
[SourceTitle "CBM 165 Extra"]
[Source "ChessBase"]
[SourceDate "2015.04.21"]
[SourceVersion "1"]
[SourceVersionDate "2015.04.21"]
[SourceQuality "1"]

1. f4 d5 2. Nf3 c5 3. b3 Nc6 4. Bb2 Nf6 5. e3 g6 6. Bb5 Bg4 7. Bxc6+ bxc6 8. h3 Bxf3 9. Qxf3 Bg7 10. d3 Qa5+ 11. Bc3 Qb6 12. Nd2 0-0 13. Qf2 Rad8 14. Be5 Nd7 15. Bxg7 Kxg7 16. 0-0 f5 17. Nf3 Rde8 18. Ne5 Nxe5 19. fxe5 e6 20. Qf4 Qd8 21. Qa4 Qc7 22. d4 cxd4 23. exd4 Rc8 24. c4 Rfd8 25. Rac1 Qb7 26. Rfd1 Kf7 27. Rc3 c5 28. cxd5 Rxd5 29. Rdc1 g5 30. Rxc5 Rcxc5 31. Rxc5 Rxc5 32. dxc5 Qd5 33. Qxa7+ Kg6 34. c6 Qxe5 35. c7 Qe1+ 36. Kh2 Qe5+ 37. Kg1 Qe1+ 38. Kh2 Qe5+ 39. g3 Qe2+ 40. Kg1 Qd1+ 41. Kg2 Qc2+ 42. Kf3 Qd1+ 43. Ke3 Qg1+ 44. Kd3 Qxa7 45. c8Q Qb6 46. Qg8+ Kf6 47. Qh8+ Kg6 48. Qe5 Kf7 49. Qh8 Kg6 50. Qe5 Kf7 51. Kc3 Qc6+ 52. Kb4 Qb7+ 53. Qb5 Qe4+ 54. Qc4 Qb7+ 55. Qb5 f4 56. gxf4 gxf4 57. Kc4 Ke7 1/2-1/2

[Event "ROM-ch U16"]
[Site "Calimanesti"]
[Date "2015.03.30"]
[Round "1"]
[White "Mamele, Stefan Bogdan"]
[Black "Herea, Sergiu Gabriel"]
[Result "0-1"]
[WhiteElo "1550"]
[BlackElo "1916"]
[PlyCount "52"]
[EventDate "2015.03.30"]
[EventType "swiss"]
[EventRounds "9"]
[EventCountry "ROU"]
[SourceTitle "CBM 165 Extra"]
[Source "ChessBase"]
[SourceDate "2015.04.21"]
[SourceVersion "1"]
[SourceVersionDate "2015.04.21"]
[SourceQuality "1"]

1. e4 e6 2. d4 d5 3. Nc3 Nf6 4. Bg5 Be7 5. e5 Nfd7 6. Bxe7 Qxe7 7. Bd3 a6 8. Nf3 c5 9. Ne2 c4 10. 0-0 cxd3 11. Qxd3 Nc6 12. a3 h6 13. Nd2 0-0 14. c4 dxc4 15. Nxc4 Rd8 16. Qe3 Nf8 17. Nd6 Rxd6 18. exd6 Qxd6 19. Rfd1 Ne7 20. Nc3 Bd7 21. Ne4 Qd5 22. Nc5 Bc6 23. f3 Nf5 24. Qe4 Rd8 25. Rd2 Nxd4 26. Rad1 Qxc5 0-1

[Event "EU Union-ch U14"]
[Site "Kouty nad Desnou"]
[Date "2014.09.02"]
[Round "7"]
[White "Pannwitz, Kai"]
[Black "Herea, Sergiu Gabriel"]
[Result "1-0"]
[WhiteElo "1531"]
[BlackElo "1894"]
[PlyCount "55"]
[EventDate "2014.08.27"]
[EventType "swiss"]
[EventRounds "9"]
[EventCountry "CZE"]
[SourceTitle "CBM 162 Extra"]
[Source "ChessBase"]
[SourceDate "2014.10.17"]
[SourceVersion "1"]
[SourceVersionDate "2014.10.17"]
[SourceQuality "1"]

1. d4 Nf6 2. Nf3 c5 3. d5 e6 4. c4 b5 5. e3 Bb7 6. b3 exd5 7. cxb5 a6 8. bxa6 Nxa6 9. Be2 Be7 10. 0-0 Ne4 11. Bb2 Bf6 12. Qc1 0-0 13. Rd1 Qe7 14. Nc3 Nc7 15. Qc2 Rac8 16. Nb5 Rfe8 17. Rac1 Ne6 18. Bxf6 Qxf6 19. Bd3 Nf8 20. a4 g5 21. Nc3 g4 22. Ne1 Qe6 23. Ne2 f5 24. Nf4 Qf7 25. Be2 Ne6 26. Nxd5 Bxd5 27. Rxd5 Nd4 28. exd4 1-0

[Event "EU Union-ch U14"]
[Site "Kouty nad Desnou"]
[Date "2014.09.01"]
[Round "6"]
[White "Herea, Sergiu Gabriel"]
[Black "Orlov, Roman"]
[Result "1/2-1/2"]
[WhiteElo "1894"]
[BlackElo "1837"]
[PlyCount "86"]
[EventDate "2014.08.27"]
[EventType "swiss"]
[EventRounds "9"]
[EventCountry "CZE"]
[SourceTitle "CBM 162 Extra"]
[Source "ChessBase"]
[SourceDate "2014.10.17"]
[SourceVersion "1"]
[SourceVersionDate "2014.10.17"]
[SourceQuality "1"]

1. d4 Nf6 2. c4 c5 3. e3 g6 4. Nc3 Bg7 5. Nf3 0-0 6. Bd3 cxd4 7. exd4 d5 8. 0-0 Nc6 9. h3 dxc4 10. Bxc4 Bf5 11. Be3 Ne4 12. Ne2 Rc8 13. Rc1 Nd6 14. Bb3 Na5 15. Ng3 Rxc1 16. Bxc1 Nxb3 17. Qxb3 Qa5 18. Bd2 Qb5 19. Nxf5 gxf5 20. Qe3 e6 21. b3 Rc8 22. Ng5 Qd5 23. Bb4 Nb5 24. Rd1 Nxd4 25. Kh1 Nc2 26. Qe2 Qe5 27. Qh5 Nxb4 28. Qxf7+ Kh8 29. Qh5 Kg8 30. Qf7+ Kh8 31. Qxb7 Rb8 32. Qxb4 Rxb4 33. Rd8+ Bf8 34. Nf7+ Kg7 35. Nxe5 Re4 36. Nf3 Re2 37. Ne5 Re4 38. Nc6 Re2 39. Nxa7 Rxa2 40. Rd7+ Kf6 41. f3 Bc5 42. Nc6 Ra1+ 43. Kh2 f4 1/2-1/2

[Event "EU Union-ch U14"]
[Site "Kouty nad Desnou"]
[Date "2014.08.31"]
[Round "5"]
[White "Radeva, Viktoria"]
[Black "Herea, Sergiu Gabriel"]
[Result "1/2-1/2"]
[WhiteElo "1983"]
[BlackElo "1894"]
[PlyCount "70"]
[EventDate "2014.08.27"]
[EventType "swiss"]
[EventRounds "9"]
[EventCountry "CZE"]
[SourceTitle "CBM 162 Extra"]
[Source "ChessBase"]
[SourceDate "2014.10.17"]
[SourceVersion "1"]
[SourceVersionDate "2014.10.17"]
[SourceQuality "1"]

1. e4 e6 2. d4 d5 3. Nd2 Nf6 4. e5 Nfd7 5. Bd3 c5 6. c3 Nc6 7. Ne2 Qb6 8. Nf3 Be7 9. 0-0 0-0 10. Nf4 cxd4 11. cxd4 Nb4 12. Bb1 f6 13. a3 Na6 14. exf6 Nxf6 15. Ne5 Nc7 16. Nh5 Nce8 17. Qd3 Bd6 18. b4 Qc7 19. Bf4 g6 20. Nxg6 Nxh5 21. Bxd6 Nxd6 22. Nxf8 Kxf8 23. Qxh7 Qxh7 24. Bxh7 Bd7 25. Rac1 Ke7 26. f4 Nf6 27. Bd3 Rg8 28. Rf3 Kd8 29. h3 Bb5 30. g4 Bxd3 31. Rxd3 Nde4 32. Kg2 Kd7 33. Kf3 Rh8 34. Kg2 Rg8 35. Rf3 Nd6 1/2-1/2

[Event "EU Union-ch U14"]
[Site "Kouty nad Desnou"]
[Date "2014.08.27"]
[Round "1"]
[White "Golub, Nikolina"]
[Black "Herea, Sergiu Gabriel"]
[Result "0-1"]
[WhiteElo "1525"]
[BlackElo "1894"]
[PlyCount "116"]
[EventDate "2014.08.27"]
[EventType "swiss"]
[EventRounds "9"]
[EventCountry "CZE"]
[SourceTitle "CBM 162 Extra"]
[Source "ChessBase"]
[SourceDate "2014.10.17"]
[SourceVersion "1"]
[SourceVersionDate "2014.10.17"]
[SourceQuality "1"]

1. e4 e6 2. d4 d5 3. Nc3 Nf6 4. Bg5 Be7 5. e5 Nfd7 6. Bxe7 Qxe7 7. f4 a6 8. Nf3 c5 9. Be2 Nc6 10. Qd2 b5 11. 0-0-0 c4 12. g4 Nb6 13. Rdf1 b4 14. Nd1 Na4 15. b3 c3 16. Qd3 Nb6 17. f5 a5 18. f6 gxf6 19. exf6 Qc7 20. Nxc3 bxc3 21. Qxc3 Qd6 22. Bb5 Bd7 23. Qc5 Nc8 24. Bxc6 Bxc6 25. Ne5 Qxc5 26. dxc5 Na7 27. Rhg1 Rc8 28. a4 Bb7 29. g5 Nc6 30. Nd3 Ba6 31. Rf3 Bxd3 32. Rxd3 Nb4 33. Rd2 Rxc5 34. Kb2 Rg8 35. h4 Kd7 36. h5 Nc6 37. Rf2 Ne5 38. Rff1 Rb8 39. Rf2 Kd6 40. Ka2 Rc3 41. Kb2 Rh3 42. h6 Rf3 43. Rfg2 Rf5 44. Rg3 Nf3 45. Rf1 Nd4 46. Rxf5 Nxf5 47. Rg4 Rg8 48. g6 fxg6 49. f7 Rf8 50. Rg1 Rxf7 51. Rf1 Nxh6 52. Rxf7 Nxf7 53. c3 h5 54. b4 h4 55. bxa5 Kc6 56. a6 h3 57. a7 Kb7 58. a8Q+ Kxa8 0-1

[Event "ROM-ch U14"]
[Site "Calimanesti"]
[Date "2013.04.06"]
[Round "7"]
[White "Zubcu, Vlad George"]
[Black "Herea, Sergiu Gabriel"]
[Result "0-1"]
[WhiteElo "1774"]
[BlackElo "1776"]
[PlyCount "138"]
[EventDate "2013.04.02"]
[EventType "swiss"]
[EventRounds "9"]
[EventCountry "ROU"]
[SourceTitle "CBM 153 Extra"]
[Source "ChessBase"]
[SourceDate "2013.04.22"]
[SourceVersion "1"]
[SourceVersionDate "2013.04.22"]
[SourceQuality "1"]

1. e4 e6 2. d4 d5 3. Nc3 Bb4 4. exd5 exd5 5. Nf3 Bg4 6. Be2 Nf6 7. 0-0 0-0 8. Bg5 Be7 9. Ne5 Bxe2 10. Qxe2 c6 11. Rfe1 Re8 12. f4 Nbd7 13. Rad1 h6 14. Bh4 Qc7 15. Bf2 Bb4 16. Qf3 Bxc3 17. Qxc3 Ne4 18. Qh3 Nf8 19. Qf3 f6 20. Nd3 Nd7 21. f5 Nb6 22. Nf4 Nc4 23. Ne6 Qf7 24. b3 Ncd6 25. g4 Ng5 26. Nxg5 hxg5 27. h4 g6 28. fxg6 Qxg6 29. h5 Qg7 30. Bg3 Ne4 31. Kg2 Rf8 32. Rf1 Rae8 33. Rd3 b6 34. Qf5 Qh7 35. Qxh7+ Kxh7 36. Rf5 b5 37. Bh2 b4 38. Rf1 Nc3 39. a4 Re2+ 40. Rf2 Rxf2+ 41. Kxf2 Re8 42. Kf3 Ne4 43. Bg1 Kh6 44. Bf2 f5 45. Be3 fxg4+ 46. Kxg4 Rf8 47. Rd1 Nf2+ 48. Bxf2 Rxf2 49. Re1 Rf4+ 50. Kg3 Kxh5 51. Re6 Rxd4 52. Rxc6 Rd2 53. Rc8 d4 54. Rh8+ Kg6 55. Rd8 Rxc2 56. Rxd4 Rc3+ 57. Kg4 Rxb3 58. Rd6+ Kf7 59. Rd7+ Ke6 60. Rxa7 Kd5 61. Rb7 Kc5 62. Kxg5 Ra3 63. Kf4 Kc4 64. Rc7+ Kb3 65. Ke3 Ka2+ 66. Kd2 b3 67. Rb7 Kb1 68. Kc3 b2+ 69. Kd2 Rxa4 0-1

[Event "ROM-ch U14"]
[Site "Calimanesti"]
[Date "2013.04.05"]
[Round "5"]
[White "Banzea, Alexandru Bogdan"]
[Black "Herea, Sergiu Gabriel"]
[Result "1-0"]
[WhiteElo "1845"]
[BlackElo "1776"]
[PlyCount "185"]
[EventDate "2013.04.02"]
[EventType "swiss"]
[EventRounds "9"]
[EventCountry "ROU"]
[SourceTitle "CBM 153 Extra"]
[Source "ChessBase"]
[SourceDate "2013.04.22"]
[SourceVersion "1"]
[SourceVersionDate "2013.04.22"]
[SourceQuality "1"]

1. e4 e6 2. d4 d5 3. e5 c5 4. c3 Nc6 5. Nf3 Qb6 6. Bd3 Bd7 7. dxc5 Bxc5 8. 0-0 Qc7 9. Qe2 Nge7 10. Nbd2 Ng6 11. Nb3 Be7 12. Re1 0-0-0 13. Nbd4 a6 14. Bd2 Kb8 15. b4 Nxd4 16. cxd4 Rc8 17. a4 Rhd8 18. b5 axb5 19. axb5 b6 20. Rec1 Qb7 21. Rcb1 Be8 22. Ra6 Kc7 23. Bxg6 hxg6 24. Ba5 bxa5 25. b6+ Kb8 26. Ra7 Qc6 27. Rxe7 Rd7 28. Rxd7 Bxd7 29. Qa6 Qb7 30. Qxa5 Rc4 31. h4 Qa8 32. Qxa8+ Kxa8 33. Ra1+ Ra4 34. Rc1 Rc4 35. Rxc4 dxc4 36. Kf1 Kb7 37. Ke1 Kxb6 38. Kd2 Kc6 39. Kc3 Kd5 40. Nd2 Bb5 41. f3 f6 42. exf6 gxf6 43. Nf1 e5 44. Ne3+ Ke6 45. Nxc4 exd4+ 46. Kxd4 Bc6 47. Ke3 Bb5 48. Nd2 Ke5 49. g3 f5 50. Nb3 Ba4 51. Nc5 Bb5 52. Nb3 Ba4 53. Nd4 Bd7 54. Ne2 Bc6 55. Nf4 Kf6 56. Nh3 Bb5 57. Kf4 Bc6 58. Nf2 Bb5 59. Nd1 Ba4 60. Ne3 Bb3 61. g4 fxg4 62. fxg4 Ba2 63. Nf1 Bc4 64. Nd2 Bd5 65. Ne4+ Ke6 66. Nc3 Bc4 67. Kg5 Kf7 68. Ne4 Kg7 69. Kf4 Be2 70. Nc3 Bc4 71. Ke5 Bb3 72. Ne4 Bd1 73. Nf6 Kf7 74. g5 Bb3 75. Kd6 Ba4 76. Ng4 Bb3 77. Ne5+ Kg7 78. Ke7 Bc2 79. Nf3 Bb1 80. Nd4 Ba2 81. Ne6+ Kh7 82. Kf6 Kg8 83. Nf4 Bb1 84. Nxg6 Kh7 85. Ne7 Ba2 86. h5 Bb3 87. h6 Ba4 88. Ng6 Kg8 89. Nf8 Be8 90. g6 Bxg6 91. Kxg6 Kh8 92. Ne6 Kg8 93. Ng5 1-0

[Event "ROM-ch U14"]
[Site "Calimanesti"]
[Date "2013.04.05"]
[Round "6"]
[White "Herea, Sergiu Gabriel"]
[Black "Benedek, Istvan"]
[Result "1-0"]
[WhiteElo "1776"]
[BlackElo "1741"]
[PlyCount "67"]
[EventDate "2013.04.02"]
[EventType "swiss"]
[EventRounds "9"]
[EventCountry "ROU"]
[SourceTitle "CBM 153 Extra"]
[Source "ChessBase"]
[SourceDate "2013.04.22"]
[SourceVersion "1"]
[SourceVersionDate "2013.04.22"]
[SourceQuality "1"]

1. d4 Nf6 2. Nf3 g6 3. c4 Bg7 4. Nc3 d5 5. Bf4 0-0 6. Rc1 c5 7. dxc5 dxc4 8. Qa4 Nd5 9. Bd2 Nxc3 10. Bxc3 Be6 11. e3 Na6 12. c6 Qb6 13. cxb7 Qxb7 14. Nd4 Bxd4 15. Bxd4 Rac8 16. f3 Nc5 17. Qa3 Na6 18. Be2 Rc6 19. 0-0 Rfc8 20. Bc3 Rd6 21. Bd4 Rdc6 22. Qa5 h6 23. Rfd1 Qc7 24. Qe1 Kh7 25. Rc2 Rb8 26. a3 Rb5 27. Rdc1 Rh5 28. f4 Rb5 29. Qf1 Nc5 30. Bxc4 Bxc4 31. Qxc4 e5 32. Qxb5 exd4 33. exd4 Qxf4 34. dxc5 1-0

[Event "ROM-ch U14"]
[Site "Calimanesti"]
[Date "2013.04.04"]
[Round "4"]
[White "Herea, Sergiu Gabriel"]
[Black "Dumitrescu, George Mihai"]
[Result "1-0"]
[WhiteElo "1776"]
[BlackElo "1615"]
[PlyCount "77"]
[EventDate "2013.04.02"]
[EventType "swiss"]
[EventRounds "9"]
[EventCountry "ROU"]
[SourceTitle "CBM 153 Extra"]
[Source "ChessBase"]
[SourceDate "2013.04.22"]
[SourceVersion "1"]
[SourceVersionDate "2013.04.22"]
[SourceQuality "1"]

1. d4 d5 2. Nf3 Nf6 3. c4 e6 4. Nc3 Nbd7 5. Bg5 Be7 6. e3 0-0 7. Be2 b6 8. a3 Bb7 9. Rc1 c5 10. 0-0 Rc8 11. dxc5 bxc5 12. Qc2 dxc4 13. Nd2 Nd5 14. Bxe7 Qxe7 15. Nxc4 Nxc3 16. Qxc3 Qg5 17. f3 Nb6 18. e4 Nxc4 19. Bxc4 Rfd8 20. Rfd1 Rd4 21. Bf1 e5 22. Qb3 Qe7 23. Rc3 h6 24. Ra1 Rd7 25. Qc2 Rdc7 26. b4 Kf8 27. bxc5 Bc6 28. Kh1 Rd8 29. Rd1 Rd4 30. Rb1 Rc8 31. Rd3 Qd7 32. Rxd4 Qxd4 33. Rd1 Qe3 34. Qc1 Qb3 35. Bc4 Qa4 36. h3 Qa5 37. Ba2 f6 38. Qc4 Qc7 39. Qg8+ 1-0

[Event "ROM-ch U14"]
[Site "Calimanesti"]
[Date "2013.04.03"]
[Round "3"]
[White "Comsa, Razvan Lucian"]
[Black "Herea, Sergiu Gabriel"]
[Result "0-1"]
[WhiteElo "1571"]
[BlackElo "1776"]
[PlyCount "48"]
[EventDate "2013.04.02"]
[EventType "swiss"]
[EventRounds "9"]
[EventCountry "ROU"]
[SourceTitle "CBM 153 Extra"]
[Source "ChessBase"]
[SourceDate "2013.04.22"]
[SourceVersion "1"]
[SourceVersionDate "2013.04.22"]
[SourceQuality "1"]

1. e4 e6 2. d4 d5 3. Nd2 c5 4. exd5 Qxd5 5. Ndf3 Nc6 6. c4 Qe4+ 7. Be3 cxd4 8. Nxd4 Bb4+ 9. Ke2 e5 10. Nxc6 Qxc4+ 11. Qd3 Qxc6 12. f3 Nf6 13. Kf2 0-0 14. Ne2 Be6 15. Nc3 Bxc3 16. Qxc3 Qxc3 17. bxc3 Rac8 18. Bd2 Rfd8 19. Be1 Nd5 20. Rc1 Nb6 21. a3 Rc7 22. Ke3 Nd5+ 23. Ke2 Rdc8 24. Kd3 Bf5+ 0-1